000 00317nam a22001337a 4500
008 170831b xxu||||| |||| 00| 0 eng d
020 _a9781604266009
041 _aeng
080 _23RD
_a070
100 _a40
101 _aMED
245 _aMASS COMMUNICATION LIVING IN A MEDIA WORLD
_cHANSON,R.E
942 _2udc
_cBK
999 _c25846
_d25846